[Event "RUS-chT 20th"]
[Site "Loo"]
[Date "2013.04.10"]
[Round "4.3"]
[White "Geller, Jakov"]
[Black "Atalik, Suat"]
[Result "1/2-1/2"]
[WhiteElo "2545"]
[BlackElo "2593"]
[Annotator "Atalik,S"]
[PlyCount "111"]
[EventDate "2013.04.07"]
[EventType "team-swiss"]
[EventRounds "7"]
[EventCountry "RUS"]
[SourceTitle "EXT 2014"]
[Source "ChessBase"]
[SourceDate "2013.11.20"]
[SourceVersion "1"]
[SourceVersionDate "2013.11.20"]
[SourceQuality "1"]
[WhiteTeam "Zhiguli"]
[BlackTeam "Kazan"]
[WhiteTeamCountry "RUS"]
[BlackTeamCountry "RUS"]

1. e4 e5 2. Nf3 Nc6 3. Bb5 a6 4. Ba4 d6 {The Steinitz deferred variation
became a new passion for me.The practical side of it is that it does not allow
White with d3 lines.} 5. O-O (5. d4 b5 (5... Bd7 6. d5 Nb8 7. Bxd7+ Nxd7 $14)
6. Bb3 Nxd4 7. Nxd4 exd4 8. c3 dxc3 9. Qd5 (9. Nxc3 Nf6 10. O-O $1 (10. e5 dxe5
11. Bxf7+ Ke7 12. Qxd8+ Kxd8 13. Bg5 Bb7 14. O-O Bc5 $132) 10... Be7 11. a4 Bb7
{and it is not clear if White has real play for the sacrificed pawn.}) 9... Be6
10. Qc6+ Bd7 11. Qd5 $11) 5... Bd7 6. d4 exd4 7. Nxd4 (7. Bxc6 Bxc6 8. Qxd4 Nf6
9. Nc3 Be7) 7... Be7 $1 {First Ivanchuk drew my attention into this
possibility.} 8. Nxc6 Bxc6 9. Bxc6+ (9. Bb3 $5 Nf6 (9... Bxe4 $6 10. Nc3 Bg6
11. Re1 (11. Nd5 c6 12. Nxe7 Nxe7 13. Re1 O-O 14. Bg5 Re8 15. Qe2 Kf8 16. Rad1
$44) 11... Nf6 12. Qe2 Kf8 13. Bf4 $44) 10. Nc3 O-O (10... Nxe4 $2 11. Nxe4
Bxe4 12. Re1 Bg6 13. Bg5 f6 14. Bf4 $44) 11. Re1 a5 12. a3 Nd7 13. Nd5 Nc5 14.
Ba2 Bf6 $132) 9... bxc6 10. Qf3 $1 Qd7 11. Bd2 $5 {I am not in a big love with
such strange moves.} (11. Nd2 Bf6 12. Nc4 Ne7 13. Bf4 Qe6 14. Qd3 O-O 15. Rae1
Rfe8 16. Bd2 {resulted in a logical game Dominguez Perez-Ivanchuk,2012.} Ng6
17. f4 d5 18. exd5 Qxd5 $132) 11... Nf6 $5 (11... Bf6 12. Bc3 Bxc3 13. Nxc3 Ne7
$11) 12. Nc3 O-O 13. Rad1 Rfe8 (13... Rae8 $5 14. h3 Qc8 15. e5 Nd7 $11) 14.
Rfe1 (14. h3 Qe6 15. Rfe1 Nd7) 14... Qg4 $5 (14... Bf8 15. h3 Re6) (14... Qe6
15. b3 Nd7 16. Ne2 Bf6 17. Nf4 Qe7 $36) 15. Qd3 Nd7 16. f3 Qh5 ({I could have
also played} 16... Qh4 17. Ne2 Bf6 18. b3 Ne5 19. Qe3 $13) 17. b3 Bf6 (17...
Bh4 $5 18. Rf1 Ne5 19. Qd4 Bf6 20. Qf2 $11) 18. Ne2 Qb5 {Black tries to
provoke White to push c4.} ({I did not like to take the pawn on a2 and have my
Queen out of the game.} 18... Qc5+ 19. Be3 Qa3 $6 20. Qd2 Ne5 (20... Qxa2 21.
Nd4) 21. c3 $14) 19. Bc3 (19. c4 Nc5 20. Qc2 Qb6 21. Be3 a5 $36) 19... Bxc3 $6
{Having spent a lot of time on my previous moves,I started to come up with
faster decisions and lost the control of the game.} (19... Qb6+ 20. Bd4 Bxd4+
21. Qxd4 Qa5 $132) (19... Qc5+ 20. Bd4 Bxd4+ 21. Nxd4 g6 $11) 20. Qxc3 Qb6+ 21.
Nd4 Ne5 22. f4 ({I have considered} 22. Kh1 {to be more critical.} c5 (22... g6
$2 23. f4 Ng4 (23... c5 $2 24. Nf5 gxf5 25. fxe5 Rxe5 26. exf5 Rxf5 27. Rd3 Rg5
28. h4 Rg4 29. Rg3 Rxg3 30. Qxg3+ Kf8 31. Qc3 Kg8 32. Re3 Qb7 33. Rg3+ Kf8 34.
Qg7+ Ke7 35. Re3+ Kd7 36. Qxf7+ Kc6 37. Qxh7 $18) 24. Qf3 Nf6 25. e5 $16) 23.
Nf5 Qb4 24. Qb2 f6 25. c3 Qb5 $11) 22... Ng6 23. g3 (23. Qxc6 Qxc6 24. Nxc6
Nxf4 25. e5 dxe5 26. Rd7 Re6 $132) 23... Ne7 24. Kg2 c5 25. Nf3 $14 {White
enjoys a slight edge.} a5 $5 (25... Rad8 $5) 26. a4 Qb4 $5 ({This could have
been prepared by} 26... Rab8 27. Re2 Qb4 (27... Qc6 28. Qd3 (28. Qxa5 $140 $2
Rb4 $19) 28... Rb4 29. Nd2 Qa8 $13) 28. Qd3) 27. Qxb4 axb4 28. Kf2 (28. e5 d5
29. e6 f6 30. Nh4 d4 31. Kf3 Nd5 32. f5 Nc3 33. Rd2 Kf8 $132) 28... h6 29. Re3
Kf8 30. g4 $1 Ra5 $1 {Going for the Queens exchange I have relied on this
attacking scheme with Ra5,c4,Rc5.} 31. h4 c4 32. Rd4 (32. Nd4 Rc5 33. Nb5 Rc8
$13) 32... Rc5 33. Rxc4 {He had an alternative.} (33. c3 $5 cxb3 34. Rxb4 (34.
cxb4 $2 b2 35. Rb3 Rc3 36. Rxb2 Nc6 $17) 34... Nc6 35. Rxb3 Rc4 36. Rb7 Re7 37.
e5 Rxa4 38. Nd4 Nxd4 39. cxd4 dxe5 40. Rb8+ Re8 41. Rxe8+ Kxe8 42. Rxe5+ Kd7
43. Ke3 $11) 33... Rxc4 34. bxc4 Ra8 35. Rb3 $6 $138 {A risky move possibly
caused by the lack of time.} (35. Nd4 Rxa4 36. Nb5 $6 Ra2 37. Re2 c6 38. Nxd6
Ng6 {was my main idea.}) (35. e5 dxe5 36. Nxe5 Rxa4 $11) 35... Rxa4 36. c3 c5
$6 ({I could have created more difficulties by} 36... Nc6 37. cxb4 Nxb4 38. Ke3
Na6 $15) 37. cxb4 cxb4 38. Nd4 $6 (38. Rd3 Ng6 39. f5 Ne5 40. Nxe5 dxe5 41. c5
$11) 38... Ng6 39. Ke3 (39. Kg3 $2 Ra3 40. h5 Ne7 41. Kf2 Nc6 $1 $19) 39...
Nxh4 40. Nc2 $1 $11 Ng2+ (40... g5 41. f5) 41. Kf3 g5 42. fxg5 (42. e5 Ke7 43.
fxg5 hxg5 44. Kxg2 Ra2 45. exd6+ Kxd6 46. Rxb4 Rxc2+ 47. Kf3 $11) (42. f5 Nf4
43. Nxb4 Ke7 $11) 42... hxg5 43. Rxb4 Nh4+ (43... Rxb4 44. Nxb4 Nf4 45. e5 dxe5
46. Ke4 f6 47. c5 $11) (43... Ne1+ $2 44. Kg3 $18) 44. Ke3 Ra2 $6 {After this,
Black has no chances.} (44... Rxb4 45. Nxb4 Ke7 46. e5 dxe5 47. c5 $44 Ke6 48.
Ke4 Ng6 49. Nd5 f6 50. c6 Ne7 51. c7 Nc8 {and now anything draws.} 52. Ne3 Nd6+
53. Kd3 Kd7 (53... e4+ 54. Ke2 Nc8 55. Nf5 Kd7 56. Ng7 Ne7 57. Ke3 $11) 54. Nd5
) 45. Rb8+ Kg7 46. Nd4 Ra3+ 47. Rb3 (47. Nb3 $6 Ng6) (47. Kd2 Kf6 48. Rb5 Rg3
49. Nf5 Nxf5 50. Rxf5+ $11) 47... Rxb3+ 48. Nxb3 Kf6 49. c5 $1 $11 (49. Kd4 $2
Ke6) 49... dxc5 50. Nxc5 Ke5 (50... Ng6 51. Nd3 Ne5 52. Nf2 Ke7 53. Kd4 Ke6 54.
Nh3 f6 55. Nf2 Kd6 56. Kc3 Kc5 57. Nd3+ $11) 51. Nd3+ Kd6 52. Ne1 f6 53. Kd4
Ke6 (53... Ng6 54. Nf3 Ke6 55. e5 Nxe5 56. Nxe5 fxe5+ 57. Kc5 $1 $11 (57. Ke4
$4 Kd6 58. Kf5 Kd5 59. Kxg5 e4 60. Kf4 Kd4 61. g5 e3 62. g6 e2 63. g7 e1=Q 64.
g8=Q Qf2+ $19)) 54. e5 $1 f5 (54... fxe5+ 55. Ke4 Kf6 56. Nd3 Ng6 57. Nc5 {
draws the game as well.}) (54... Nf5+ 55. gxf5+ Kxf5 $11) 55. gxf5+ Nxf5+ 56.
Ke4 1/2-1/2

[Event "Reykjavik"]
[Site "Reykjavik"]
[Date "1984.01.??"]
[Round "?"]
[White "De Firmian, Nick E"]
[Black "Arnason, Jon Loftur"]
[Result "0-1"]
[WhiteElo "2515"]
[BlackElo "2500"]
[Annotator "Chekhov,V"]
[PlyCount "62"]
[EventDate "1984.01.??"]
[EventType "tourn"]
[EventRounds "11"]
[EventCountry "ISL"]
[EventCategory "8"]
[SourceTitle "MCL"]
[Source "ChessBase"]
[SourceDate "1999.07.01"]
[SourceVersion "1"]
[SourceVersionDate "1999.07.01"]
[SourceQuality "1"]

1. e4 e5 2. Nf3 Nc6 3. Bb5 a6 4. Ba4 d6 5. O-O Bd7 6. d4 b5 7. Bb3 Nxd4 8. Nxd4
exd4 9. c3 (9. Qxd4 $4 c5 $19) 9... dxc3 10. Qh5 Qe7 11. Nxc3 Nf6 12. Qf3 Qd8
$6 (12... Bc6 13. Re1 $14) 13. Qg3 (13. Nd5 $5 Bc6 (13... Be7 14. Nxe7 Qxe7 (
14... Kxe7 15. Bg5 $36) 15. e5 $18) 14. Bg5 Be7 15. Nxe7 Qxe7 16. Bd5 Bxd5 17.
exd5 O-O 18. Rfe1 Qd8 19. Rac1 $16) 13... Nh5 14. Qd3 (14. Qf3 Nf6) 14... g6
15. e5 (15. Qd5 Be6 16. Qc6+ Bd7) 15... Bg7 (15... dxe5 16. Rd1 Bg7 17. Qd5 Rf8
18. Ne4) 16. Ne4 (16. exd6 O-O 17. dxc7 Qxc7) 16... O-O (16... dxe5 $5 17. Bg5
f6 18. Qd5 Rf8 19. Nc5 (19. Be3 Bf5 20. Qc6+ Bd7 21. Qd5) 19... c6 $1) (16...
Bxe5 17. Bg5 f6 (17... Qc8 $5) 18. Qd5) 17. Bg5 Qe8 18. exd6 (18. Nf6+ Bxf6 19.
exf6 Qe5 $1 $13) 18... Bf5 19. Rfe1 cxd6 20. g4 (20. Qf3 $5 Qd7 21. h3 h6 22.
Bd2 {Pg4~/=/}) 20... Bxg4 $8 21. Nxd6 $6 (21. Nf6+ Nxf6 22. Rxe8 Raxe8 23. Bxf6
Bxf6 24. Qxd6 Bxb2 25. Rb1 Bc3 26. Qxa6 b4 $44) 21... Qd7 22. Be7 Bxb2 23.
Bxf7+ Kg7 (23... Rxf7 24. Qb3 Bxa1 25. Qxf7+ Kh8 26. Rxa1 Bh3 27. Ne4 Qg4+ 28.
Ng3 Qe6) 24. Bxf8+ Rxf8 25. Be8 $2 (25. Rab1 Bf6 (25... Nf4 26. Qd2) (25...
Rxf7 26. Rxb2) (25... Bh3 26. Be6 (26. Be8) 26... Bxe6 27. Rxb2 $13)) 25... Qa7
$1 $19 26. Qd2 Bxa1 27. Rxa1 Nf4 28. Bc6 Ne2+ 29. Kh1 Qxf2 30. Qb2+ Kh6 31.
Qd2+ g5 (31... g5 32. Qd3 Bf3+ 33. Bxf3 Qxf3+ 34. Qxf3 Rxf3 35. Re1 Nf4 {
P a3 +-}) 0-1

[Event "EU-chT 22nd"]
[Site "Batumi"]
[Date "2019.11.01"]
[Round "8.2"]
[White "Edouard, Romain"]
[Black "Sedlak, Nikola"]
[Result "1-0"]
[WhiteElo "2641"]
[BlackElo "2557"]
[Annotator "Edouard,R"]
[PlyCount "63"]
[EventDate "2019.10.24"]
[EventType "team-swiss"]
[EventRounds "9"]
[EventCountry "GEO"]
[SourceTitle "CBM 193"]
[Source "ChessBase"]
[SourceDate "2019.12.31"]
[SourceVersion "1"]
[SourceVersionDate "2019.12.31"]
[SourceQuality "1"]
[WhiteTeam "France"]
[BlackTeam "Serbia"]
[WhiteTeamCountry "FRA"]
[BlackTeamCountry "SRB"]

1. e4 e5 2. Nf3 Nc6 3. Bb5 a6 4. Ba4 d6 5. O-O Bd7 6. c4 $5 g5 $6 {Not a great
move objectively. For more reasonable options like 6...Nf6, see the analysis
of Edouard-Huebner, Swiss League 2019 (CBM193 Extra).} 7. d4 $1 g4 8. d5 {
The typical reaction to ...g5-g4 in Ruy Lopez pawn structures, and sometimes
in the Sicilian as well!} Nce7 (8... gxf3 9. dxc6 Bxc6 10. Bxc6+ bxc6 11. Qxf3
{would be terrible for Black - with a bad pawn structure and his king in the
center.}) (8... Nb8 {wouldn't allow Nh4 as in the game, but after} 9. Ne1 {
the knight would also be quite far from the action.}) 9. Nh4 $6 ({I didn't go
for} 9. Bxd7+ Qxd7 10. Nh4 {not to allow} Bg7 {(which was not possible in the
game due to Qxg4), but after} 11. f3 Bf6 12. Qe1 {White would be clearly
better.}) 9... b5 $1 {The negative side of 9.Nh4.} 10. cxb5 axb5 11. Bb3 ({
Only after my opponent played 9...b5 I realized about ...Nxd5 ideas, like} 11.
Bc2 $6 Nxd5 12. Qxd5 c6 $1 {and the position is quite unclear.}) 11... Bg7 12.
f3 h5 (12... Bf6 13. Nf5 Nxf5 14. exf5 {looked great for White, as the
b1-knight is coming to e4.}) 13. Bg5 $5 {Temporarily preventing ...Bf6.} Nf6 (
13... f6 14. Be3 {would be awful for Black.}) 14. Qe1 Nh7 $1 15. Bd2 Bf6 (15...
O-O 16. fxg4 hxg4 17. Na3 $16 {followed by Nc2-e3.}) 16. Qf2 $6 {This is a
dubious choice for concrete reasons.} (16. fxg4 $6 hxg4 17. Qf2 Ng6 $1 18. Nxg6
(18. Nf5 $6 Nf4 $1 {followed by ...Ng5}) 18... fxg6 {followed by ...0-0.}) ({
The engine finds a solution with} 16. Kh1 Nxd5 (16... Ng6 17. Nf5 $16) 17. Bxd5
Bxh4 18. Qc1 $1 (18. g3 $1 c6 $132) 18... c6 (18... gxf3 19. Rxf3 $16) 19. Bxc6
Rc8 20. Bxd7+ Qxd7 21. Qd1 $16) 16... Rg8 $6 (16... Ng6 $1 {with the idea} 17.
Nf5 Nf4 $1 {followed by ...Ng5 was again the way to play.}) (16... Nxd5 17.
fxg4 Nf4 $1 {was the other option which I totally missed, still after} 18. Bxf4
exf4 (18... Bxh4 $2 19. Bg3 $18) 19. g5 $1 (19. Qxf4 $4 Bd4+ 20. Kh1 Qxh4 $19)
19... Bxg5 20. Nf3 {White seems to be better.}) 17. f4 g3 $2 {This just
doesn't work.} (17... Bxh4 18. Qxh4 exf4 19. Bxf4 Ng6 {would have been
reasonable for Black.}) 18. hxg3 Bxh4 19. fxe5 $1 (19. gxh4 $4 Bh3 {was
obviously Black's idea.}) 19... Rg7 20. gxh4 (20. e6 $5 {was also good, with
the hidden idea} Bxg3 $2 21. Qxf7+ $3 Rxf7 22. exf7+ Kf8 23. Bh6#) 20... Bh3
21. Bg5 $1 Nxg5 22. hxg5 Nf5 $8 {A great counter chance when I thought I was
just totally winning.} (22... Rxg5 23. Qxf7+ Kd7 24. Kh2 $1 {is game over.})
23. exf5 $2 (23. Kh2 $1 {was my first idea, to wait how Black captures on g5
before deciding which piece to take (the black bishop or the black knight). I
changed my mind because of} Bxg2 $1 {but actually White wins anyway:} (23...
Qxg5 $2 24. exf5 Bxg2 25. Rg1 $18) (23... Rxg5 24. gxh3 $18) 24. exf5 (24. Rg1
$5) 24... Bxf1 25. f6 $1 Rxg5 26. Qxf1 dxe5 27. Nc3 $18) 23... Rxg5 24. Qe3 (
24. g3 h4 $132) 24... Bxg2 $2 (24... Rxg2+ $1 25. Kh1 Rg4 $3 {would have
turned the game around!} (25... Qh4 $2 26. exd6+ Kd7 27. Qe7+ $18) 26. exd6+ (
26. Rg1 Qh4 27. exd6+ Re4 28. Qg3 Bg2+ $1 ({A fun draw is} 28... Bf1+ 29. Qh2
Bg2+ $3 30. Rxg2 Re1+ 31. Rg1 Qe4+ 32. Qg2 Qh4+ $11) 29. Kxg2 Rg4 $17) (26.
Qxh3 $2 Rh4 $17) 26... Kd7 27. Rf2 (27. Rg1 Rxg1+ 28. Qxg1 Qh4 $132) 27... Qh4
28. Qe7+ Qxe7 29. dxe7 Rh4 $13) 25. Rf2 $1 {Simplest.} (25. exd6+ Be4+ $1 {
was what I wanted to avoid, but after} 26. Kf2 Rxf5+ 27. Ke2 Re5 28. Qf4 $1 {
White still wins.}) 25... Bxd5+ 26. Kf1 Bxb3 27. Qxb3 dxe5 28. Qxb5+ Kf8 29.
Nc3 Qd4 30. Qd5 Qa7 31. Qxe5 Qa6+ 32. Qb5 1-0

[Event "SUI-chT"]
[Site "Switzerland"]
[Date "2019.10.20"]
[Round "9.2"]
[White "Edouard, Romain"]
[Black "Huebner, Robert"]
[Result "1-0"]
[WhiteElo "2640"]
[BlackElo "2575"]
[Annotator "Edouard,R"]
[PlyCount "83"]
[EventDate "2019.03.10"]
[EventType "team-tourn"]
[EventRounds "9"]
[EventCountry "SUI"]
[SourceTitle "CBM 193 Extra"]
[Source "ChessBase"]
[SourceDate "2020.01.31"]
[SourceVersion "1"]
[SourceVersionDate "2020.01.31"]
[SourceQuality "1"]
[WhiteTeam "Geneve"]
[BlackTeam "Luzern"]
[WhiteTeamCountry "SUI"]
[BlackTeamCountry "SUI"]

1. e4 e5 2. Nf3 Nc6 3. Bb5 a6 4. Ba4 d6 5. O-O ({Immediately playing} 5. c4 {
allows} Bg4 {which I think is fine for Black.} 6. h3 (6. d4 exd4 7. Bxc6+ bxc6
8. Qxd4 Ne7 9. Nbd2 Ng6 10. O-O c5 $13 {½-½ (35) Munoz Pantoja,M (2502)
-Demuth,A (2538) Barcelona 2018}) 6... Bxf3 7. Qxf3 Nf6 8. Nc3 Nd7 9. Bxc6 bxc6
$13 {The position is about equal. ½-½ (46) Ivic,V (2510)-Vallejo Pons,F 
(2687) Patras 2019}) 5... Bd7 6. c4 $5 {An interesting line. White wants to
grab extra space, differently than with the more common c3-d4 plan. Now that
Black has played ...Bd7, obviously ...Bg4 doesn't make much sense.} Nf6 (6...
g6 7. d4 Bg7 8. Bxc6 $1 {poses serious problems:} Bxc6 9. dxe5 dxe5 10. Qe2 {
and White follows with Nc3, Rd1 (or possibly b3 Ba3 first) with serious
problems for Black.}) ({For} 6... g5 $6 {see the analysis of my game against
GM Sedlak (Batumi 2019) in CBM 193!}) 7. Nc3 Nd4 $6 {Not such a great change
of the pawn structure.} (7... Be7 {is more solid, although White enjoys a
plasant space advantage:} 8. Bxc6 $1 Bxc6 (8... bxc6 9. d4 exd4 10. Nxd4 O-O
11. Re1 Re8 12. Qf3 g6 13. h3 $14) 9. Re1 O-O 10. d4 exd4 11. Nxd4 $1 {1-0 (46)
Ortiz,I (2604)-Otero Acosta,D (2481) Cuernavaca 2014.}) 8. Bxd7+ Qxd7 9. Nxd4
exd4 10. Ne2 c5 (10... Nxe4 11. Nxd4 O-O-O 12. d3 Nf6 13. b4 $1 {looks very
unpleasant for Black, e.g.} c5 14. Nf3 $1 cxb4 15. Bd2 $40) 11. d3 g6 $6 (11...
Be7 {was more logical - why play ...g6 before White goes Ng3?}) 12. b4 $1 {
A logical reaction to punish Black being behind in development.} (12. Bg5 {
with the idea Bxf6, Nf4 and Nd5 allows} Nh5 $1 {which isn't so clear.}) 12...
Be7 ({Fully opening the b-file would also be very dangerous for Black:} 12...
b6 13. Rb1 Bg7 14. bxc5 bxc5 15. Rb6 O-O 16. Qb3 {with huge pressure.}) 13.
bxc5 dxc5 14. a4 (14. Nf4 $5 {(with the idea of e5) seemed to win by force,
but after} Bd6 $1 {Black survives, since} 15. e5 $6 Bxe5 16. Re1 {is met by}
Qc7 $1 {with the upcoming trick} 17. Qe2 $2 (17. Nxg6 hxg6 18. f4 $13) 17...
O-O $1 18. Qxe5 $2 Rfe8 $19) (14. Bg5 $5 Nh5 15. Bh6 {was an interesting
option.}) 14... O-O 15. Rb1 (15. Nf4 Bd6 (15... b5 16. e5 $16) 16. a5 {(before
Black manages to play ...b5) was certainly stronger. Black is paralyzed.})
15... Nh5 $1 {An important square for the black knight, prevening Nf4/Bf4
ideas - or at least diminishing their impact on the position..} 16. Bh6 (16. h3
$5 {was my first idea, but I was sure about my position after} f5 $6 {-
however, the engine refutes the idea nicely:} 17. Bh6 $1 (17. exf5 Rxf5 18. g4
Rf3 19. Ng3 Raf8 $132) 17... Rf7 18. exf5 Rxf5 19. g4 $1 Rf3 20. Ng3 $1 {
and White wins, as ...Raf8 isn't possible here.}) 16... Rfb8 $1 {Black wants
to play ...b5.} ({For tactical reasons I thought Black should satisfy himself
with} 16... Rfe8 {- but the text move also makes sense.}) 17. Nf4 (17. Ng3 $1 {
was another option, suggested by the computer:} Nxg3 18. fxg3 {and White is
better on both sides, since} b5 $2 {loses to} 19. axb5 axb5 20. cxb5 Rxb5 21.
Qf3 $1 $18) (17. Bf4 $5 {also made sense:} Bd6 (17... Nxf4 18. Nxf4 b5 19. axb5
axb5 20. cxb5 Rxb5 21. Nd5 $16) 18. Bxd6 Qxd6 19. f4 $16) 17... Nxf4 18. Bxf4
Bd6 19. e5 $6 (19. Bxd6 Qxd6 20. f4 {was enough for a small advantage - but I
wanted more.}) 19... Qf5 (19... Bc7 20. Qf3 $1 {and the white queen coming to
d5 could be devastating.}) 20. exd6 Qxf4 21. Rb6 Rd8 22. Qf3 $5 {An unusual
decision, and my kingside will be weak, but I'm keeping my d6-pawn longer,
which allows me to develop a strong intiative in the rook endgame.} (22. Re1
Rxd6 23. g3 Qf6 24. Rxb7 {would also be very unpleasant for Black.}) 22... Qxf3
23. gxf3 Rd7 24. Re1 Rad8 25. Re7 $2 {The most logical move, but not the best.}
({White should slowly improve his pieces with} 25. Kg2 {(with the idea f4, Kf3)
and Black is in huge trouble:} Rxd6 26. Rxb7 $16 {Black should watch out for
Re5 or Rc7.}) 25... Rxd6 26. Rexb7 Rxb6 $6 (26... Kf8 $1 27. a5 Rxb6 28. Rxb6
Ke7 {(with the idea ...Rf6) was probably a draw, although after} 29. Kg2 (29.
Rxa6 Rb8 30. Rc6 Rb3 31. Rxc5 Rxd3 {and the weaknesses on the kingside won't
allow White to concretize his extra pawn.}) 29... Rd6 30. Rb7+ Rd7 31. Rb2 {
White will slowly play f4, Kf3, and Black is running out of ideas and should
just wait and suffer.}) 27. Rxb6 Re8 $1 {Active defence. The same idea as 26...
Kf8 - but less effective.} 28. Kf1 (28. Rxa6 Re1+ 29. Kg2 Rd1 30. Rc6 Rxd3 31.
Rxc5 Ra3 32. Rd5 Rxa4 33. Rxd4 Kf8 {should be a very easy draw for Blck.})
28... Re6 29. Rb8+ (29. a5 Kg7 30. Rb7 Rc6 {would be difficult to break,
although again, f4, Ke2, Kf3, and Black's position is unpleasant.}) 29... Kg7
30. Rc8 $2 {Let's go for the pawn.} (30. f4 $1 {with the idea of a5, Rb6, Kg3,
Kf3, as the other option.}) 30... Rb6 $1 ({To hang on the pawn with} 30... Re5
$2 {would allow} 31. Rc6 {, so Black is right to play an active defensive move
instead.}) 31. Rxc5 Rb1+ 32. Ke2 Rb2+ 33. Kd1 Rxf2 34. Rd5 Rxh2 $1 (34... Rxf3
35. Rxd4 Rf5 36. Kc2 $1 {looks quite bad for Black: White's passed pawns
should be quicker than the black ones.}) 35. c5 Rb2 36. Rxd4 h5 37. c6 Rb8 38.
Ke2 $2 {That looked to me like a smart and strong move - just getting closer
to the h-pawn while keeping the rook flexible on d4, cutting the d-file while
still being able to play Rc4 if the black room tries to defend from the other
side. But there is a concrete refutation to it.} (38. Rd6 {would be too slow
anyway:} h4 39. Ke2 h3 40. Kf2 Rb2+ 41. Kg1 Rc2 42. d4 Kh6 {(watch out for the
black king trying to get to g3!)} 43. f4 f5 (43... Kh5 $4 44. Rd5+ Kg4 45. Rc5
$18) 44. d5 Kh5 45. a5 $11) 38... Kf6 $4 ({The bad-looking move} 38... Rc8 $1 {
would even take the upper hand.} 39. Rd6 (39. Rc4 Kf6 $17) 39... Kf8 40. d4 $2
(40. c7 Rxc7 41. Rxa6 Rc2+ $17) 40... Rc7 $1 {The move both my opponent and I
missed!} 41. d5 $2 Ke7 $19 {Trapping the white rook!}) 39. Rd6+ {Now Black
will not be able to stop the pawns anymore.} Ke7 (39... Ke5 40. Rd7 Rc8 41. d4+
{followed by d5.}) 40. Rd7+ Ke8 41. d4 Rd8 42. Rb7 $1 (42. Rb7 Rxd4 43. Rb8+
Rd8 44. c7 $18) 1-0